Environmental engineering (Record no. 5357)

000 -LEADER
fixed length control field 00678nam a2200241 4500
001 - CONTROL NUMBER
control field 5357
003 - CONTROL NUMBER IDENTIFIER
control field BD-DhUET
008 - FIXED-LENGTH DATA ELEMENTS--GENERAL INFORMATION
fixed length control field 141126b xxu||||| |||| 00| 0 eng d
020 ## - INTERNATIONAL STANDARD BOOK NUMBER
International Standard Book Number 0071002316
040 ## - CATALOGING SOURCE
Transcribing agency 0
Modifying agency BD-DhUET
082 ## - DEWEY DECIMAL CLASSIFICATION NUMBER
Classification number 628
Item number PEA/1985
100 ## - MAIN ENTRY--PERSONAL NAME
Personal name Peavy, Howard S
245 ## - TITLE STATEMENT
Title Environmental engineering
250 ## - EDITION STATEMENT
Edition statement 1st ed.
260 ## - PUBLICATION, DISTRIBUTION, ETC. (IMPRINT)
Place of publication, distribution, etc. New york
Name of publisher, distributor, etc. McGraw-Hill
Date of publication, distribution, etc. 1985
300 ## - PHYSICAL DESCRIPTION
Extent xiv,699 p.+various paging
Other physical details ill.
490 ## - SERIES STATEMENT
Series statement McGraw-Hill series in water resources and environmental engineering
504 ## - BIBLIOGRAPHY, ETC. NOTE
Bibliography, etc Includes bibliographies
650 #0 - SUBJECT ADDED ENTRY--TOPICAL TERM
Topical term or geographic name as entry element Environmental engineering
700 ## - ADDED ENTRY--PERSONAL NAME
Personal name Rowe, Donald R.
700 ## - ADDED ENTRY--PERSONAL NAME
Personal name Tchobanoglous, George
942 ## - ADDED ENTRY ELEMENTS (KOHA)
Koha item type General Book
Holdings
Koha issues (times borrowed) Koha date last seen Copy number Date acquired Koha item type Sublocation or collection (holding branch) Not for loan Location (home branch) Lost status Shelving location Source of classification or shelving scheme Piece designation (barcode) Koha normalized classification for sorting Koha full call number Price effective from Koha renewals Damaged status Koha date last borrowed Withdrawn status
92024-09-0812014-11-26General BookCentral Library, BUET Central Library, BUET Circulation section 81896628PEA1985628/PEA/19852014-11-26  2023-12-10 
102024-06-0222014-11-26General BookCentral Library, BUET Central Library, BUET Circulation section 81895628PEA1985628/PEA/19852014-11-26  2024-03-16 
 2015-06-1832015-06-18Reading ItemCentral Library, BUET Central Library, BUET Reading section 88788628_000000000000000_PEA_1985628/PEA/19852015-06-18    
 2015-06-1842015-06-18Reading ItemCentral Library, BUET Central Library, BUET Reading section 87579628_000000000000000_PEA_1985628/PEA/19852015-06-18    
22021-11-1351991-10-28General BookCentral Library, BUET Central Library, BUET Circulation section 81894628_000000000000000_PEA_1985628/PEA/19852017-10-31  2020-03-16 
 2024-12-01ক-৫১1991-10-28Rental ItemCentral Library, BUET Central Library, BUET Rental section 81847628_000000000000000_PEA_1985628 PEA/19852024-12-01    
 2024-12-01ক-৭৮1991-10-28Rental ItemCentral Library, BUET Central Library, BUET Rental section 81874628_000000000000000_PEA_1985628 PEA/19852024-12-01    
 2024-12-01ক-৭৯1991-10-28Rental ItemCentral Library, BUET Central Library, BUET Rental section 81875628_000000000000000_PEA_1985628 PEA/19852024-12-01    
 2024-12-01ক-৮০1991-10-28Rental ItemCentral Library, BUET Central Library, BUET Rental section 81876628_000000000000000_PEA_1985628 PEA/19852024-12-01    
 2024-12-01ক-৮১1991-10-28Rental ItemCentral Library, BUET Central Library, BUET Rental section 81877628_000000000000000_PEA_1985628 PEA/19852024-12-01    
 2024-12-01ক-৮২1991-10-28Rental ItemCentral Library, BUET Central Library, BUET Rental section 81878628_000000000000000_PEA_1985628 PEA/19852024-12-01    
 2024-12-01ক-৮৩1991-10-28Rental ItemCentral Library, BUET Central Library, BUET Rental section 81879628_000000000000000_PEA_1985628 PEA/19852024-12-01    
 2024-12-01ক-৮৪1991-10-28Rental ItemCentral Library, BUET Central Library, BUET Rental section 81880628_000000000000000_PEA_1985628 PEA/19852024-12-01    
 2024-12-01ক-৮৫1991-10-28Rental ItemCentral Library, BUET Central Library, BUET Rental section 81881628_000000000000000_PEA_1985628 PEA/19852024-12-01    
 2024-12-01ক-৮৬1991-10-28Rental ItemCentral Library, BUET Central Library, BUET Rental section 81882628_000000000000000_PEA_1985628 PEA/19852024-12-01    
 2024-12-01ক-৮৭1991-10-28Rental ItemCentral Library, BUET Central Library, BUET Rental section 81883628_000000000000000_PEA_1985628 PEA/19852024-12-01    
 2024-12-01ক-৮৭1991-10-28Rental ItemCentral Library, BUET Central Library, BUET Rental section 81884628_000000000000000_PEA_1985628 PEA/19852024-12-01